000 01176nam a2200325 a 4500
001 000114547
003 CHAP
005 20220817044757.0
008 180302s2017 mx sm |||||||spa d
010 _a111008
011 _a111980
040 _cCHAP
090 _aTesis
100 1 _aCruz Caamaño, Yaneth
245 1 0 _aEl sistema de producción caprina de la comunidad Gabino Barreda, San Jerónimo Xayacatlán, Puebla
_h[En línea]
_cpor Yaneth Cruz Caamaño.
260 _aChapingo, Méx. :
_bEl autor,
_c2017.
500 _aPara ver el contenido del material haga clic en la liga
502 _aTesis (Ing. Agr. Esp. en Zootecnia) -- UACH. Departamento de Zootecnia
590 _aE6339RRR
_b05
_c20180302
_lUCH01
_h1154
590 _aE6339RRR
_b05
_c20180302
_lUCH01
_h1154
590 _aE6339RRR
_b05
_c20180302
_lUCH01
_h1156
650 1 4 _aGanado cabrío
_xAlojamiento.
_944991
650 1 4 _aGanado cabrío
_xParásitos.
_945035
650 1 4 _aGanado cabrío
_xProducción.
_945038
650 1 4 _aNemátodos
_xIdentificación.
_9128341
856 _aFinding aid
_uhttp://10.13.5.2/tesis/sist114547.pdf
_zTeclea aquí
901 _aBK
942 _cLIBRO
942 _n0
999 _c111008
_d111008